| 000 | 00417nam a22001697a 4500 | ||
|---|---|---|---|
| 003 | MPLRDC | ||
| 005 | 20220104143306.0 | ||
| 008 | 210129b ||||| |||| 00| 0 eng d | ||
| 082 | _a857.1 JY v.2 | ||
| 100 | _a纪昀 | ||
| 245 |
_a阅微草堂笔记. 下 _c |
||
| 250 | _a一版一刷 | ||
| 260 |
_a _b上海古籍出版社 _c1980 |
||
| 300 | _b平 | ||
| 650 | _a小说--笔记; 杂事 | ||
| 942 |
_cBK _o857.1 JY v.2 |
||
| 999 |
_c38479 _d38469 |
||